Pays ayant participer à la bataille des Ardennes - Statistiques

Statistiques générales
  • Ce quiz a été pris 35 fois
  • Le résultat moyen est 6 sur 7
Statistiques - réponses
Pays % Correct
1 Allemagne
100%
1 États-Unis
100%
5 France
100%
2 Royaume-Uni
100%
4 Belgique
85%
3 Canada
76%
6 Luxembourg
68%
Aucun quiz correspondant
Distribution des résultats
% des personnes avec chaque résultat
Percentile par nombre de réponses
Votre historique - résultats
Vous n’avez pas pris ce quiz